Space-time adaptive processing for radar / (Record no. 60523)

000 -LEADER
fixed length control field 01206cam a22003254a 4500
001 - CONTROL NUMBER
control field 13205088
003 - CONTROL NUMBER IDENTIFIER
control field NUST-PNEC
005 - DATE AND TIME OF LATEST TRANSACTION
control field 20170116180700.0
008 - FIXED-LENGTH DATA ELEMENTS--GENERAL INFORMATION
fixed length control field 030520s2003 maua b 001 0 eng
010 ## - LIBRARY OF CONGRESS CONTROL NUMBER
LC control number 2003052296
020 ## - INTERNATIONAL STANDARD BOOK NUMBER
International Standard Book Number 1580533779
040 ## - CATALOGING SOURCE
Original cataloging agency DLC
Transcribing agency PNEC
Modifying agency DLC
042 ## - AUTHENTICATION CODE
Authentication code pcc
050 00 - LIBRARY OF CONGRESS CALL NUMBER
Classification number TK6580
Item number .G84 2003
082 00 - DEWEY DECIMAL CLASSIFICATION NUMBER
Classification number 621.3848 GUE
100 1# - MAIN ENTRY--PERSONAL NAME
Personal name Guerci, J. R.
245 10 - TITLE STATEMENT
Title Space-time adaptive processing for radar /
Statement of responsibility, etc. J.R. Guerci.
260 ## - PUBLICATION, DISTRIBUTION, ETC.
Place of publication, distribution, etc. Boston :
Name of publisher, distributor, etc. Artech House,
Date of publication, distribution, etc. c2003.
300 ## - PHYSICAL DESCRIPTION
Extent xiv, 189 p. :
Other physical details ill. ;
Dimensions 24 cm.
440 #0 - SERIES STATEMENT/ADDED ENTRY--TITLE
Title Artech House radar library
500 ## - GENERAL NOTE
General note http://www.amazon.com/Space-Time-Adaptive-Processing-Artech-Library/dp/1580533779/ref=sr_1_1?s=books&ie=UTF8&qid=1410158155&sr=1-1&keywords=1580533779
504 ## - BIBLIOGRAPHY, ETC. NOTE
Bibliography, etc. note Includes bibliographical references and index.
650 #0 - SUBJECT ADDED ENTRY--TOPICAL TERM
Topical term or geographic name entry element Radar.
General subdivision MIS
650 #0 - SUBJECT ADDED ENTRY--TOPICAL TERM
Topical term or geographic name entry element Adaptive signal processing.
650 #0 - SUBJECT ADDED ENTRY--TOPICAL TERM
Topical term or geographic name entry element Adaptive antennas.
650 #0 - SUBJECT ADDED ENTRY--TOPICAL TERM
Topical term or geographic name entry element Space and time.
906 ## - LOCAL DATA ELEMENT F, LDF (RLIN)
a 7
b cbc
c orignew
d 1
e ocip
f 20
g y-gencatlg
942 ## - ADDED ENTRY ELEMENTS (KOHA)
Source of classification or shelving scheme
Koha item type Book
Holdings
Withdrawn status Lost status Source of classification or shelving scheme Damaged status Not for loan Permanent Location Current Location Date acquired Source of acquisition Cost, normal purchase price Total Checkouts Full call number Barcode Date last seen Cost, replacement price Price effective from Koha item type
          Pakistan Navy Engineering College (PNEC) Pakistan Navy Engineering College (PNEC) 07/19/2005 Pak Book Company 7673.80   621.3848 GUE PNECLIB-027375 09/08/2014 7673.80 07/19/2005 Book
© 2023 Central Library, National University of Sciences and Technology. All Rights Reserved.